| 000 | 00537nam a2200181Ia 4500 | ||
|---|---|---|---|
| 999 |
_c1540 _d1540 |
||
| 003 | OSt | ||
| 005 | 20200930145730.0 | ||
| 008 | 190216s9999||||xx |||||||||||||| ||und|| | ||
| 020 | _a8177540068 | ||
| 040 | _coclc | ||
| 082 |
_a635.8 _bPAT/M |
||
| 100 |
_aPathak, V N _95241 |
||
| 245 | 0 |
_aMushroom Production And Processing Technology / _cV N Pathak ; Nagendra Yadav ; Maneesha Gaur |
|
| 260 |
_bAgrobios, _c2003. _aJodhpur: |
||
| 300 | _a179p | ||
| 650 | _aBotany | ||
| 942 |
_cBK _2ddc _h635.8 _iPAT/M _k635.8 _mPAT/M |
||